नदी बहती रही / (Record no. 200062)

MARC details
000 -LEADER
fixed length control field 00655nam a22001937a 4500
005 - DATE AND TIME OF LATEST TRANSACTION
control field 20240110112316.0
010 ## - LCCN (DPL NO)
LC control number HIN-126709
020 ## - INTERNATIONAL STANDARD BOOK NUMBER
International Standard Book Number 9789383056385
Terms of availability 4000.00
035 ## - SYSTEM CONTROL NUMBER
System control number HN-99055
037 ## - SOURCE OF ACQUISITION
Source of stock number/acquisition DBAD/PUB
082 ## - DEWEY DECIMAL CLASSIFICATION NUMBER
Classification number
100 ## - MAIN ENTRY--PERSONAL NAME
Personal name बत्रा, सुरेश
245 ## - TITLE STATEMENT
Title नदी बहती रही /
250 ## - EDITION STATEMENT
Edition statement 1
260 ## - PUBLICATION, DISTRIBUTION, ETC. (IMPRINT)
Place of publication, distribution, etc जयपुर
Name of publisher, distributor, etc मोनिका प्रकाशन
Date of publication, distribution, etc 2021
270 ## - ADDRESS
Address 85/175, प्रताप नगर, सांगानेर
City जयपुर
Postal code 302033
300 ## - PHYSICAL DESCRIPTION
Extent 183 पृ.;
Dimensions 23 सेमी.(सजिल्द)
942 ## - ADDED ENTRY ELEMENTS (KOHA)
Source of classification or shelving scheme Dewey Decimal Classification
Item type Hindi Books
Classification part
Call number suffix बत्रासु

No items available.


© Delhi Public Library
Hit Counter
free hit counter